<?xml version="1.0" encoding="UTF-8"?>
<record
    xmlns:xsi="http://www.w3.org/2001/XMLSchema-instance"
    xsi:schemaLocation="http://www.loc.gov/MARC21/slim http://www.loc.gov/standards/marcxml/schema/MARC21slim.xsd"
    xmlns="http://www.loc.gov/MARC21/slim">

  <leader>01152nam a22001337a 4500</leader>
  <datafield tag="999" ind1=" " ind2=" ">
    <subfield code="c">533241</subfield>
    <subfield code="d">533241</subfield>
  </datafield>
  <controlfield tag="008">260430b           ||||| |||| 00| 0 eng d</controlfield>
  <datafield tag="100" ind1=" " ind2=" ">
    <subfield code="a">Matsumoto, Toru</subfield>
    <subfield code="9">60358</subfield>
  </datafield>
  <datafield tag="245" ind1=" " ind2=" ">
    <subfield code="a">Right to clothing and the clothing crisis during the Bengal famine of 1943&#x2013;44</subfield>
  </datafield>
  <datafield tag="260" ind1=" " ind2=" ">
    <subfield code="a">Economic &amp; Political Weekly  </subfield>
  </datafield>
  <datafield tag="300" ind1=" " ind2=" ">
    <subfield code="a">61(15), Apr 11, 2026: p.52-58</subfield>
  </datafield>
  <datafield tag="520" ind1=" " ind2=" ">
    <subfield code="a">Clothing is a basic need for human development. Although the right to clothing is recognised as a human right, violations have occurred. This historical study examines the possibility of future shortages by analysing a past clothing crisis. During World War II, British India faced the Bengal famine of 1943&#x2013;44 and a parallel &#x201C;cloth famine.&#x201D; Starving homeless people were forced to remain half-naked during a relatively harsh winter. The crisis stemmed from military priorities in textiles, halted Japanese imports, and rising Indian exports, showing clothing scarcity can reappear in wartime conditions.-Reproduced 

https://www.epw.in/journal/2026/15/special-articles/right-clothing-and-clothing-crisis-during-bengal.html
</subfield>
  </datafield>
  <datafield tag="773" ind1=" " ind2=" ">
    <subfield code="a">Economic &amp; Political Weekly  </subfield>
  </datafield>
  <datafield tag="942" ind1=" " ind2=" ">
    <subfield code="c">AR</subfield>
  </datafield>
  <datafield tag="952" ind1=" " ind2=" ">
    <subfield code="0">0</subfield>
    <subfield code="1">0</subfield>
    <subfield code="2">ddc</subfield>
    <subfield code="4">0</subfield>
    <subfield code="7">0</subfield>
    <subfield code="9">408411</subfield>
    <subfield code="a">IIPA</subfield>
    <subfield code="b">IIPA</subfield>
    <subfield code="d">2026-04-30</subfield>
    <subfield code="h">61(15), Apr 11, 2026: p.52-58</subfield>
    <subfield code="p">AR138752</subfield>
    <subfield code="r">2026-04-30</subfield>
    <subfield code="y">AR</subfield>
  </datafield>
</record>
